Statistics for 2022 FIFA World Cup Netherlands vs Argentina

Click here to take the quiz!

General Stats

  • This quiz has been taken 17 times
  • The average score is 21 of 35

Answer Stats

PositionFotMob RatingAnswer% Correct
CB7.0Virgil van Dijk
100%
LCM6.6Frenkie de Jong
87%
RS8.8, 1 goal, 1 assistLionel Messi
87%
Substitute ---> 64'6.2Luuk de Jong
87%
GK5.8Emiliano Martinez
80%
Substitute ---> 82'6.0Lautaro Martínez
80%
LCB <--- 112'6.6Lisandro Martínez
80%
Substitute ---> 78'8.6, 2 goalsWout Weghorst
80%
ManagerLionel Scaloni
73%
ManagerLouis van Gaal
73%
RS <--- 78'6.4Memphis Depay
73%
LCB7.4Nathan Aké
73%
Substitute ---> 112'Ángel Di Maria
67%
CM7.6Enzo Fernández
67%
LS <--- 82'6.3Julián Álvarez
67%
CB6.5Nicolás Otamendi
67%
CF <--- 113'6.5Cody Gakpo
60%
RCB <--- 78'7.4Cristian Romero
60%
LM <--- 64'6.7Daley Blind
60%
RM4.7, 1 red cardDenzel Dumfries
60%
RWB <--- 106'7.3, 1 goalNahuel Molina
60%
Substitute ---> 46'7.1, 1 assistSteven Berghuis
60%
LS <--- 46'6.3Steven Bergwijn
60%
LCM7.1Alexis Mac Allister
53%
Substitute ---> 78'5.8Nicolás Tagliafico
53%
RCM <--- 67'7.3Rodrigo De Paul
53%
GK7.1Andries Noppert
40%
Substitute ---> 67'7.1Leandro Paredes
40%
LWB <--- 78'7.8Marcos Acuña
40%
Substitute ---> 106'6.2Gonzalo Montiel
33%
RCM <--- 46'6.1Marten de Roon
33%
Substitute ---> 46'7.2, 1 assistTeun Koopmeiners
33%
Substitute ---> 113'Noa Lang
27%
Substitute ---> 78'6.4Germán Pezzella
20%
RCB7.3Jurriën Timber
7%

Score Distribution

Percentile by Number Answered

Percent of People with Each Score

Your Score History

You have not taken this quiz